| 000 | 00560nam a22002057a 4500 | ||
|---|---|---|---|
| 003 | OSt | ||
| 005 | 20260212074909.0 | ||
| 008 | 260212b |||||||| |||| 00| 0 eng d | ||
| 020 | _a81-7445-378-4. | ||
| 040 |
_aDWC-Main lib _cOC |
||
| 082 | _aGR. 658.8 S942 2007 | ||
| 100 | _aArora, R. K. | ||
| 245 |
_aSuccessful tourism marketing _cR. K. Arora |
||
| 260 |
_aNew Delhi : _bMohit Publications, _cc2007. |
||
| 300 |
_a218 pages : _c22 cm. |
||
| 504 | _aIncludes index. | ||
| 650 | _a1. Marketing. | ||
| 650 | _a2. Tourist trade. | ||
| 942 |
_2ddc _cGR _kGR. _n0 |
||
| 999 |
_c8380 _d8380 |
||